000 00311nam a2200133Ia 4500
008 231129s1989||||xx |||||||||||||| ||spa||
040 _bspa
082 _aCo861 M184s
100 _aMadrid-Malo Nestor
245 0 _aSonetos reunidos
260 _c1989
264 _aInstituto Caro y Cuervo
942 _2ddc
_cBKS
999 _c24824
_d24824